01125nam a22002175i 4500001000700000003000900007005001700016008004100033040002000074100003200094245016300126260006300289300002100352500009400373500005700467500001900524700002400543700002400567852018100591852013500772162674ES-MaACL20230906212558.0020402s1870 sp |||| | spa d aCAM bspa cCAM1 aPuente y Brañas, Ricardo.13aLa bella Elena b: zarzuela bufa en tres actos y en prosa y verso /carreglada á la música de Offembach por Ricardo Puente y Brañas y Miguel Pastorfido. aMadrid : b[s.n.], c1870 (fImprenta de José Rodriguez) a76 p. ; c20 cm. aEn port.: Representada por primera vez en el Teatro del Circo el 31 de diciembre de 1870. aPrecede al tít.: Repertorio de los bufos Arderius. aSolo la letra.1 aPastorfido, Miguel.0 aOffembach, Jacques. aES-MaACLjF-8581(8) z-- Enc. pasta española q-- Falto de la cub. originalz-- Enc. en un vol. facticio ormando parte de la col. facticia "Teatro español moderno", vol. 34 aES-MaACLjD-677(4) z.- Enc. en un vol. facticio z.- Legado M. de la Fuente z.- Firma manuscrita "Antonio Balseiro y González"